| 000 | 01494cam a22003614a 4500 | ||
|---|---|---|---|
| 001 | 12867462 | ||
| 003 | SISC | ||
| 005 | 20160301155106.0 | ||
| 008 | 020724s2002 nyu b 001 0 eng | ||
| 010 | _a 2002028878 | ||
| 020 | _a9780755311507 | ||
| 040 |
_aDLC _cDLC _dDLC |
||
| 042 | _apcc | ||
| 050 | 0 | 0 |
_aQ 162 _b.H54 2002 |
| 082 | 0 | 0 |
_aHS 500.21 _bH53s 2002 |
| 100 | 1 |
_aHighfield, Roger. _915846 |
|
| 245 | 1 | 4 |
_aThe science of Harry Potter : _bhow magic really works / _cRoger Highfield. |
| 260 |
_aLondon : _bHeadline Book Publishing, _cc2002. |
||
| 300 |
_ax,374p. ; _c21 cm. |
||
| 504 | _aIncludes bibliographical references and index. | ||
| 562 | _e1 | ||
| 650 | 0 |
_aScience _vPopular works. _915847 |
|
| 650 | 0 |
_aMagic _vPopular works. _915848 |
|
| 650 | 0 |
_aPotter, Harry (Fictitious character) _915849 |
|
| 856 | 4 | 2 |
_3Contributor biographical information _uhttp://www.loc.gov/catdir/enhancements/fy0719/2002028878-b.html |
| 856 | 4 | 2 |
_3Publisher description _uhttp://www.loc.gov/catdir/enhancements/fy0719/2002028878-d.html |
| 856 | 4 | 1 |
_3Sample text _uhttp://www.loc.gov/catdir/enhancements/fy0719/2002028878-s.html |
| 856 | 4 | 1 |
_3Table of contents only _uhttp://www.loc.gov/catdir/enhancements/fy0719/2002028878-t.html |
| 906 |
_a7 _bcbc _corignew _d1 _eocip _f20 _gy-gencatlg |
||
| 942 |
_2lcc _cBK |
||
| 999 |
_c10043 _d10043 |
||